000 004500000a22001690004500
090 _aAR
_b03030
245 1 0 _aPattern of feeding
650 1 4 _aHábitos alimentarios
_93824
650 1 4 _aFisiología
_915628
650 1 4 _aEtología
_97606
650 1 4 _aInsectos
_992622
650 1 4 _aEntomología
_94483
041 0 _aInglés
100 1 _aSimpson, S. J.
_996619
942 _cARTICULO
773 1 _tPrensa Verde: Agencia de Noticias
_3931
_q73-103
_d1990
999 _c12087
_d12087